Statistics for Kings and Queens of England, Great Britain, and the UK

Click here to take the quiz!

General Stats

  • This quiz has been taken 86 times
  • The average score is 44 of 63

Answer Stats

HintAnswer% Correct
1625-1649 ADCharles I
96%
1660-1685 ADCharles II
96%
2022-Charles III
96%
1558-1603 ADElizabeth I
96%
1952-2022 ADElizabeth II
96%
1100-1135 ADHenry I
96%
1154-1189 ADHenry II
96%
1216-1272 ADHenry III
96%
1399-1413 ADHenry IV
96%
1413-1422 ADHenry V
96%
1422-1461 ADHenry VI
96%
1485-1509 ADHenry VII
96%
1509-1547 ADHenry VIII
96%
1066-1087 ADWilliam I
96%
1087-1100 ADWilliam II
96%
1830-1837 ADWilliam IV
96%
1714-1727 ADGeorge I
95%
1727-1760 ADGeorge II
95%
1760-1820 ADGeorge III
95%
1820-1830 ADGeorge IV
95%
1910-1936 ADGeorge V
95%
1936-1952 ADGeorge VI
95%
1837-1901 ADVictoria
93%
1553-1558 ADMary I
92%
1689-1702 ADWilliam III and Mary II
92%
1042-1066 ADEdward
88%
975-978 ADEdward
88%
899-924 ADEdward
88%
1272-1307 ADEdward I
88%
1307-1327 ADEdward II
88%
1327-1377 ADEdward III
88%
1461-1483 ADEdward IV
88%
1483 ADEdward V
88%
1547-1553 ADEdward VI
88%
1901-1910 ADEdward VII
88%
1936 ADEdward VIII
88%
1199-1216 ADJohn
87%
1603-1625 ADJames I
84%
1685-1688 ADJames II
84%
1702-1714 ADAnne
81%
1189-1199 ADRichard I
81%
1377-1399 ADRichard II
81%
1483-1485 ADRichard III
81%
1135-1154 ADStephen
68%
871-899 ADAlfred
57%
1035-1040 ADHarold I
53%
1066 ADHarold II
53%
1553 ADLady Jane Gray
43%
866-871 ADAethelred I
31%
978-1016 ADAethelred II
31%
939-946 ADEdmund I
28%
1016 ADEdmund II
28%
959-975 ADEdgar
27%
925-939 ADAethelstan
23%
1016-1035 ADCanute
21%
1040-1042 ADHarthacnut
15%
839-858 ADAethelwulf
11%
858-860 ADAethelbald
8%
946-955 ADEdred
5%
757-796 ADOffa
5%
955-959 ADEdwy
4%
860-866 ADAethelbert
3%
802-839 ADEgburt
1%

Score Distribution

Percentile by Number Answered

Percent of People with Each Score

Your Score History

You have not taken this quiz